00603cam a2200217 a 45000010008000000030005000080050017000130080041000300100017000710200015000880400018001030500021001210820014001421000019001562450045001752500012002202600031002323000038002635040064003016500020003652488890nust20180117090022.0911030s1992 nyua b 001 0 eng  a 91042241  a0393957357 aDLCcDLCdDLC00aHB172b.V35 199200a338.52201 aVarian, Hal R.10aMicroeconomic analysis /cHal R. Varian. a3rd ed. aNew York :bNorton,c1992. axv, 506, A42 p. :bill. ;c25 cm. aIncludes bibliographical references (p. [A1]-A7) and index. 0aMicroeconomics.